Faktory ekonomického rastu

Problematika faktorov ekonomického rastu. Rozhodujúce faktory ekonomického rastu a ich vplyv na tempo ekonomického rastu, jeho efektívnosť a kvalitu. Klasické a najnovšie teoretické prístupy k faktorom ekonomického rastu tak, ako ich chápe neoklasická ekonómia, či ďalšie smery ekonomickej teórie. A...

Descripción completa

Guardado en:
Detalles Bibliográficos
Autor principal: Melišek, František
Formato: Capítulo de libro
Lenguaje:eslovaco
Materias:
Etiquetas: Agregar Etiqueta
Sin Etiquetas, Sea el primero en etiquetar este registro!

MARC

LEADER 00000naa$a2200000$$$4500
001 0074965
005 20240502071900.8
041 0 |a slo 
044 |a SK 
245 1 0 |a Faktory ekonomického rastu  |c František Melišek 
520 |a Problematika faktorov ekonomického rastu. Rozhodujúce faktory ekonomického rastu a ich vplyv na tempo ekonomického rastu, jeho efektívnosť a kvalitu. Klasické a najnovšie teoretické prístupy k faktorom ekonomického rastu tak, ako ich chápe neoklasická ekonómia, či ďalšie smery ekonomickej teórie. Analýza faktorov ekonomického rastu, ako technický a technologický pokrok, inovačná výkonnosť, vzdelanostná úroveň. Pôsobenie inštitucionálnch faktorov a ich hodnotenie (kvalita verejnej správy, index ľudského rozvoja, index ekonomickej slobody, úroveň daňového zaťaženia, index vnímania korupcie). 
610 2 0 |a rast hospodársky 
610 2 0 |a faktory rastu hospodárskeho 
610 2 0 |a tvorba kapitálu 
610 2 0 |a technológie informačné 
610 2 0 |a technológie komunikačné 
610 2 0 |a výkonnosť ekonomiky 
100 1 |a Melišek, František